| 000 | 01083cam a2200253 4500 | ||
|---|---|---|---|
| 001 | WB3809-05 | ||
| 008 | 020306n2002 000 0 eng u | ||
| 035 | _a(Sirsi) u117034 | ||
| 245 | _aProposed changes to asbestos regulations | ||
| 260 | _c2002 | ||
| 490 |
_aHSE News Release _v(C008:02)February 2002 (2) |
||
| 520 | _aThe Health & Safety Commission has published a consultation document proposing revisions of the two existing asbestos approved codes of practice (ACOPs). As part of the Asbestos at Work Regulations, the two ACOPs under review are L27 'the control of asbestos' and L28 'work with asbestos insulation, asbestos coating and asbestos insulating board'. Closing date for responses is 22 May. | ||
| 590 | _aWB | ||
| 650 | _aHSE | ||
| 650 | _aASBESTOS AT WORK REGULATIONS | ||
| 650 | _aHEALTH AND SAFETY COMMISSION | ||
| 650 | _aCONSULTATION | ||
| 650 | _aMANAGEMENT-HEALTH AND SAFETY-HAZARDOUS SUBSTANCES-ASBESTOS | ||
| 650 | _aCODES OF PRACTICE | ||
| 650 | _aL27 | ||
| 650 | _aL28 | ||
| 690 | _aBUILDING AND CONSTRUCTION-REGULATIONS | ||
| 942 | _n0 | ||
| 999 |
_c69723 _d69723 |
||